Changes for a better constitution:leaves from some Indian Thinkers (Record no. 222921)
[ view plain ]
| 000 -LEADER | |
|---|---|
| fixed length control field | 00665nam a22002297a 4500 |
| 005 - DATE AND TIME OF LATEST TRANSACTION | |
| control field | 20220513115811.0 |
| 008 - FIXED-LENGTH DATA ELEMENTS--GENERAL INFORMATION | |
| fixed length control field | 220513b ||||| |||| 00| 0 eng d |
| 020 ## - INTERNATIONAL STANDARD BOOK NUMBER | |
| International Standard Book Number | 8185195730 |
| 040 ## - CATALOGING SOURCE | |
| Transcribing agency | AL |
| 041 ## - LANGUAGE CODE | |
| Language code of text/sound track or separate title | English |
| 082 ## - DEWEY DECIMAL CLASSIFICATION NUMBER | |
| Edition number | 23 |
| Classification number | 342.54 |
| Item number | GHOC |
| 100 ## - MAIN ENTRY--PERSONAL NAME | |
| Personal name | Oroon Ghosh |
| 100 ## - MAIN ENTRY--PERSONAL NAME | |
| 9 (RLIN) | 36860 |
| 245 ## - TITLE STATEMENT | |
| Title | Changes for a better constitution:leaves from some Indian Thinkers |
| 260 ## - PUBLICATION, DISTRIBUTION, ETC. | |
| Place of publication, distribution, etc. | Calcutta |
| Name of publisher, distributor, etc. | Minerva Publications Pvt Ltd |
| Date of publication, distribution, etc. | 1996 |
| 300 ## - PHYSICAL DESCRIPTION | |
| Extent | x,94 p. |
| Other physical details | HB |
| Dimensions | 20x13 cm. |
| 365 ## - TRADE PRICE | |
| Currency code | ₹ |
| Unit of pricing | ₹120.00 |
| 650 ## - SUBJECT ADDED ENTRY--TOPICAL TERM | |
| Topical term or geographic name entry element | Constitution |
| 9 (RLIN) | 36861 |
| 650 ## - SUBJECT ADDED ENTRY--TOPICAL TERM | |
| Topical term or geographic name entry element | India |
| 9 (RLIN) | 36862 |
| 650 ## - SUBJECT ADDED ENTRY--TOPICAL TERM | |
| Topical term or geographic name entry element | Politics and Governments |
| 9 (RLIN) | 36863 |
| 700 ## - ADDED ENTRY--PERSONAL NAME | |
| Personal name | GHOSH (Oroon) |
| 9 (RLIN) | 36864 |
| 942 ## - ADDED ENTRY ELEMENTS (KOHA) | |
| Source of classification or shelving scheme | Dewey Decimal Classification |
| Koha item type | George Fernandes Collections |
| Withdrawn status | Lost status | Source of classification or shelving scheme | Damaged status | Not for loan | Collection code | Home library | Current library | Date acquired | Total Checkouts | Full call number | Barcode | Date last seen | Price effective from | Koha item type |
|---|---|---|---|---|---|---|---|---|---|---|---|---|---|---|
| Dewey Decimal Classification | Commerce | St Aloysius Library | St Aloysius Library | 03/23/2013 | 342.54 GHOC | GF00596 | 05/13/2022 | 05/13/2022 | George Fernandes Collections |